Создание теплоотводящего элемента на основе металломатричного композита Al/SiC; IX Школа-конференция молодых атомщиков Сибири

Bibliographic Details
Parent link:IX Школа-конференция молодых атомщиков Сибири.— 2018.— [С. 173]
Main Author: Кокорина А. И. Александра Ивановна
Corporate Author: Национальный исследовательский Томский политехнический университет Инженерная школа информационных технологий и робототехники Отделение автоматизации и робототехники (ОАР)
Other Authors: Пак А. Я. Александр Яковлевич (научный руководитель)
Summary:Заглавие с экрана
Language:Russian
Published: 2018
Series:Ядерные технологии - шаг в будущее (для школьников)
Subjects:
Online Access:http://earchive.tpu.ru/handle/11683/51653
Format: Electronic Book Chapter
KOHA link:https://koha.lib.tpu.ru/cgi-bin/koha/opac-detail.pl?biblionumber=628369

MARC

LEADER 00000naa2a2200000 4500
001 628369
005 20241025154207.0
035 |a (RuTPU)RU\TPU\conf\28564 
035 |a RU\TPU\conf\28562 
090 |a 628369 
100 |a 20181109d2018 k y0rusy50 ca 
101 0 |a rus 
102 |a RU 
105 |a y z 101zy 
135 |a drgn ---uucaa 
181 0 |a i  
182 0 |a b 
200 1 |a Создание теплоотводящего элемента на основе металломатричного композита Al/SiC  |f А. Кокорина  |g науч. рук. А. Я. Пак 
203 |a Текст  |c электронный 
225 1 |a Ядерные технологии - шаг в будущее (для школьников) 
300 |a Заглавие с экрана 
320 |a [Библиогр.: с. 173 (3 назв.)] 
463 0 |0 (RuTPU)RU\TPU\conf\28487  |t IX Школа-конференция молодых атомщиков Сибири  |o сборник тезисов докладов, 17-19 октября 2018 г., г. Томск  |f Росатом [и др.]  |v [С. 173]  |d 2018 
610 1 |a электронный ресурс 
610 1 |a труды учёных ТПУ 
610 1 |a теплоотводящие элементы 
610 1 |a металломатричные композиты 
610 1 |a силовая электроника 
610 1 |a терморегулирование 
610 1 |a электронные компоненты 
610 1 |a литье 
700 1 |a Кокорина  |b А. И.  |c физик  |c инженер-исследователь Томского политехнического университета  |f 2001-  |g Александра Ивановна  |y Томск  |9 22877 
702 1 |a Пак  |b А. Я.  |c специалист в области электротехники  |c начальник отдела Томского политехнического университета, кандидат технических наук  |f 1986-  |g Александр Яковлевич  |4 727 
712 0 2 |a Национальный исследовательский Томский политехнический университет  |b Инженерная школа информационных технологий и робототехники  |b Отделение автоматизации и робототехники (ОАР)  |3 (RuTPU)RU\TPU\col\23553 
801 2 |a RU  |b 63413507  |c 20181113  |g RCR 
856 4 |u http://earchive.tpu.ru/handle/11683/51653 
942 |c BK